| 000 | 00727nac a22002171u 4500 | ||
|---|---|---|---|
| 020 | _a8178083620 | ||
| 082 | 0 | 0 |
_a658.84 _bT931 |
| 090 |
_c1192 _d1192 |
||
| 100 | _aTurban, Efraim. | ||
| 245 | 1 | 0 |
_aElectronic commerce / _cEfraim Turban, Jae Lee, David King, H. Michael Chung. |
| 250 | _a6th ed. | ||
| 260 |
_aNew Delhi : _bPearson Education,2005 _c2005. |
||
| 300 |
_a520 p. : _bill. ; _c24 cm. |
||
| 500 | _aIncludes index. | ||
| 650 | 0 | _aElectronic commerce | |
| 700 | _aLee, Jae. | ||
| 700 | _aKing, David. | ||
| 700 | _aChung, H. Michael. | ||
| 942 |
_cBB _k658.84T931 |
||
| 999 |
_c1192 _d1192 |
||